00667nam a2200217 a 4500003000400000005001700004008004100021040002400062041000800086082001800094100001600112245011100128250001200239260006400251300001000315440004000325653002300365700002200388700002100410856001800431OSt20131017185112.0131017s2005 ag ||||| |||| 00| 0 spa d cBiblioteca Medicina aspa bCONGRESOS 0381 aLopez, Elsa00aSeminario V: Desigualdades en la percepcion de morbilidad y en las conductas frente al cuidado de la salud a1ยบ ed. aBuenos AiresbCentro de Estudios de Estado y Sociedadc2005 a17 p. 0aSeminarios Salud y Politica Publica aMORBILIDAD-ESTUDIO1 aFindling, Liliana1 aAbramzon, Monica awww.cedes.org